Jóvenes y enamorados /

Jóvenes y enamorados es una novela que cuenta las alegrías y dificultades propias de los adolescentes. Federico es uno de ellos y busca sobresalir en el mundo del deporte. Pero no es algo tan fácil, sobre todo si el momento de sobresalir coincide con el alumbramiento del primer amor. Es decir, con l...

Descripción completa

Guardado en:
Autor Principal: Martín, Susana.
Otros Autores: Oldenburg, Ernesto; il.
Formato: Libro
Idioma:Undetermined
Publicado: Buenos Aires : Planeta, 1993.
Edición:3a ed.
Series:Juvenil
Materias:
Etiquetas: Agregar Etiqueta
Sin Etiquetas, Sea el primero en etiquetar este registro!
LEADER 01438nam a22002175a 4500
001 CEM.cems020977
008 240408s1993####ag############000#0#und#d
005 20240408135619.0
245 1 0 |a Jóvenes y enamorados /  |c Susana Martín ; ilustrado por Ernesto Oldenburg. 
250 |a 3a ed. 
260 |a Buenos Aires :  |b Planeta,  |c 1993. 
300 |a 136 p. 
490 1 |a Juvenil 
520 |a Jóvenes y enamorados es una novela que cuenta las alegrías y dificultades propias de los adolescentes. Federico es uno de ellos y busca sobresalir en el mundo del deporte. Pero no es algo tan fácil, sobre todo si el momento de sobresalir coincide con el alumbramiento del primer amor. Es decir, con la intensidad, con la sorpresa y especialmente con las decepciones del primer amor. Como si esto fuera poco, Federico debe enfrentarse con las diferencias que le plantean su amor por Iris y su amistad con Gloria. Por momentos se desorienta y teme, por momentos se siente un genio. Por suerte están los amigos: Federico los tiene, y de los buenos. Gracias a ellos puede sortear los momentos más difíciles hasta que logra ingresar al país de la maravilla de la mano del verdadero amor. 
020 |a 9507423877 
100 1 |a Martín, Susana. 
700 1 |a Oldenburg, Ernesto; il. 
653 |a Literatura juvenil 
653 |a Novela juvenil 
653 |a Literatura argentina 
859 |a CEMS  |b BIB. CEMS - Inicial y Primaria  |h A863.4  |i M363-1  |k IP  |p 4683  |t Ej.1